Derecho Público Canónico: la organización de la Iglesia Católica

Guardat en:
Dades bibliogràfiques
Autor principal: Barra, Rodolfo Carlos (Autor)
Format: Llibre
Idioma:espanyol
Publicat: Buenos Aires Marcial Pons 2012
Edició:1a. ed
Matèries:
Etiquetes: Afegir etiqueta
Sense etiquetes, Sigues el primer a etiquetar aquest registre!

MARC

LEADER 00000cam a2200000 a 4500
001 UCF9146
003 CL-VaPUC
008 131025e20120000ag |||||||||||||||||spa|d
020 |a 9789871775064 
082 0 4 |a 262.9  |b BAR  |2 21 
100 0 |a Barra, Rodolfo Carlos  |e author  |9 571375 
245 1 0 |a Derecho Público Canónico: la organización de la Iglesia Católica 
250 |a 1a. ed 
300 |a v 
942 |c BK 
945 |d 20131025 12:28:00  |a dcastane 
260 |a Buenos Aires  |b Marcial Pons  |c 2012 
650 7 |a DERECHO CANONICO  |2 CL-VaPUC  |9 571376 
650 0 |a Iglesia Católica  |9 256114 
583 |a last modification  |c 20131025 12:28:00  |k Rodrigo Vera 
999 |c 353630  |d 353628 
952 |0 0  |1 0  |3 erb  |4 0  |6 262_900000000000000_BAR_2012  |7 0  |8 A  |9 458972  |a BIBDER  |b BIBDER  |d 2019-11-23  |h v.1  |i 5022479  |o 262.9 BAR 2012  |p 5022479  |r 2023-01-25  |w 2019-11-23  |y BK  |z Catalogado en:20131025  |k DER